| Tag |
First Indicator |
Second Indicator |
Subfields |
| LEADER |
00000cam a2200000 4500 |
| 001 |
in00000050193 |
| 005 |
20151007065816.0 |
| 008 |
750829s1950 nyu 00000 eng |
| 010 |
|
|
|a 50006320
|
| 035 |
|
|
|a (OCoLC)01581754
|
| 035 |
|
|
|9 AAE2728AM
|
| 040 |
|
|
|a DLC
|c DZM
|d TXA
|d UtOrBLW
|
| 049 |
|
|
|a TXAM
|c [178286]
|
| 050 |
0 |
0 |
|a GN4
|b .C6
|
| 082 |
0 |
|
|a 572.082
|
| 092 |
|
|
|a 572.082
|b C855t
|
| 100 |
1 |
|
|a Count, Earl W.
|q (Earl Wendel),
|d 1899-1996.
|
| 245 |
1 |
0 |
|a This is race ;
|b an anthology selected from the international literature on the races of man.
|
| 264 |
|
1 |
|a New York :
|b Schuman,
|c [1950]
|
| 300 |
|
|
|a xxviii, 747 pages ;
|c 24 cm.
|
| 336 |
|
|
|a text
|b txt
|2 rdacontent
|
| 337 |
|
|
|a unmediated
|b n
|2 rdamedia
|
| 338 |
|
|
|a volume
|b nc
|2 rdacarrier
|
| 650 |
|
0 |
|a Anthropology.
|
| 650 |
|
0 |
|a Race.
|
| 999 |
|
|
|a MARS
|
| 999 |
f |
f |
|s f25a7f07-9768-389a-9f73-f1768eeee787
|i 450fc598-6b95-39d3-b443-269b9bc4f415
|t 0
|
| 952 |
f |
f |
|p ric
|a Texas A&M University
|b Rellis Campus
|c Joint Library Facility
|d Remote Storage
|t 0
|e GN4 .C6
|h Library of Congress classification
|i unmediated -- volume
|m A14800968077
|
| 998 |
f |
f |
|a GN4 .C6
|t 0
|l Remote Storage
|